00492nam a2200193 a 4500001001300000003000900013005001700022008004100039020001000080082001300090100001900103245004500122260003400167300000900201500003500210505001200245650002200257700001900279nice12345678IN_TiNIC20260116011321.0050524s1946 oxfa grp 000 0 eng  ac10000a226bBLA aBlack, Matthew aAramic Approach to the Gospels and Acts. aOxfordbClarendon Pressc1946 a250p aincludes index and biblioraphy2 aIndices aBible N.T. Gospel1 aBlack, Matthew